[Event "GER-chT11-A email"]
[Site "GER email"]
[Date "2015.10.15"]
[Round "?.3"]
[White "Firnhaber, Ingo"]
[Black "Schubert, Frank"]
[Result "1/2-1/2"]
[WhiteElo "2515"]
[BlackElo "2481"]
[PlyCount "57"]
[EventDate "2015.??.??"]
[EventType "tourn (corr)"]
[EventRounds "8"]
[EventCountry "GER"]
[SourceTitle "Corr 2017"]
[Source "ChessBase"]
[SourceDate "2017.09.19"]
[SourceVersion "1"]
[SourceVersionDate "2017.09.19"]
[SourceQuality "1"]
[WhiteTeam "SC Zitadelle Spandau"]
[BlackTeam "Hamburg SG BUE"]

1. e4 e6 2. d4 d5 3. Nc3 Bb4 4. e5 c5 5. a3 Bxc3+ 6. bxc3 Ne7 7. Qg4 0-0 8. Bd3 Nbc6 9. Nf3 f5 10. Qg5 Qa5 11. Bd2 b6 12. a4 c4 13. Be2 b5 14. 0-0 bxa4 15. Ra2 Bd7 16. Rfa1 Rfb8 17. Bc1 Qd8 18. Rxa4 a5 19. R4a2 a4 20. h4 h6 21. Qg3 Kh7 22. Kh2 Na7 23. Ng1 Nb5 24. Nh3 Ra7 25. Nf4 Qg8 26. Rxa4 Rxa4 27. Rxa4 Nxd4 28. Ra7 Nxe2 29. Nxe2 1/2-1/2

[Event "GER-chT11-A email"]
[Site "GER email"]
[Date "2015.10.15"]
[Round "?.3"]
[White "Repp, Heinrich"]
[Black "Schubert, Frank"]
[Result "1-0"]
[WhiteElo "2511"]
[BlackElo "2481"]
[PlyCount "105"]
[EventDate "2015.??.??"]
[EventType "tourn (corr)"]
[EventRounds "8"]
[EventCountry "GER"]
[SourceTitle "Corr 2017"]
[Source "ChessBase"]
[SourceDate "2017.09.19"]
[SourceVersion "1"]
[SourceVersionDate "2017.09.19"]
[SourceQuality "1"]
[WhiteTeam "SV Osnabrueck von 1919 e.V."]
[BlackTeam "Hamburg SG BUE"]

1. e4 e6 2. d4 d5 3. Nc3 Bb4 4. e5 c5 5. a3 Bxc3+ 6. bxc3 Ne7 7. Qg4 0-0 8. Bd3 Nbc6 9. Qh5 Ng6 10. Nf3 Qc7 11. Be3 c4 12. Bxg6 fxg6 13. Qg4 Qf7 14. Ng5 Qe8 15. h4 Bd7 16. Qe2 Ne7 17. g4 Qc8 18. h5 gxh5 19. Rxh5 h6 20. Kd2 b5 21. Rh2 Be8 22. Nh3 a5 23. Bxh6 gxh6 24. Qe3 Bg6 25. Qxh6 Kf7 26. Rah1 Ke8 27. Nf4 Rg8 28. Qg5 Kd7 29. Qf6 Qc6 30. Rh7 Bxh7 31. Rxh7 Rae8 32. f3 Rgf8 33. Rxe7+ Rxe7 34. Qxf8 Re8 35. Qf7+ Re7 36. Qf6 b4 37. Ng6 Re8 38. axb4 axb4 39. Qg7+ Kd8 40. cxb4 c3+ 41. Ke1 Qa4 42. Nf8 Re7 43. Qg5 Qxc2 44. Nxe6+ Ke8 45. Qg8+ Kd7 46. Nc5+ Kc6 47. Qb8 Qd2+ 48. Kf1 Qxd4 49. Qd6+ Kb5 50. Qxe7 Qxb4 51. e6 Qxc5 52. Qxc5+ Kxc5 53. e7 1-0

[Event "GER-chT11-A email"]
[Site "GER email"]
[Date "2015.10.15"]
[Round "?.3"]
[White "Schubert, Frank"]
[Black "Woltmann, Michael"]
[Result "1/2-1/2"]
[WhiteElo "2481"]
[BlackElo "2407"]
[PlyCount "106"]
[EventDate "2015.??.??"]
[EventType "tourn (corr)"]
[EventRounds "8"]
[EventCountry "GER"]
[SourceTitle "Corr 2017"]
[Source "ChessBase"]
[SourceDate "2017.09.19"]
[SourceVersion "1"]
[SourceVersionDate "2017.09.19"]
[SourceQuality "1"]
[WhiteTeam "Hamburg SG BUE"]
[BlackTeam "Bremer SG von 1877"]

1. c4 c5 2. g3 Nc6 3. Bg2 g6 4. Nc3 Bg7 5. Nf3 e5 6. 0-0 d6 7. a3 a5 8. Ne1 Be6 9. d3 Nge7 10. Bg5 f6 11. Bd2 0-0 12. Nd5 Bf7 13. Nxe7+ Qxe7 14. Nc2 f5 15. Ne3 e4 16. Nd5 Bxd5 17. cxd5 Nd4 18. e3 Nf3+ 19. Bxf3 exf3 20. Qxf3 Bxb2 21. Ra2 Be5 22. a4 g5 23. Ra3 Kh8 24. Rb3 f4 25. Qh5 Rf7 26. Rfb1 Rb8 27. exf4 gxf4 28. d4 cxd4 29. Bxa5 Qf6 30. Be1 Qg7 31. a5 Rg8 32. Bd2 Rc8 33. g4 h6 34. Kf1 Kg8 35. Qh3 Rc2 36. Be1 Qh7 37. Qf3 Kh8 38. h3 Rg7 39. Qd3 Rcc7 40. Bd2 Qg8 41. Qe4 Rgf7 42. f3 h5 43. Kg2 Kg7 44. Rc1 hxg4 45. hxg4 Rxc1 46. Bxc1 Kh6 47. Rd3 Qg6 48. Rxd4 Bxd4 49. Bxf4+ Kg7 50. Qxd4+ Qf6 51. Qxf6+ Kxf6 52. Kg3 Rc7 53. Bxd6 Rd7 1/2-1/2

[Event "GER-chT11-A email"]
[Site "GER email"]
[Date "2015.10.15"]
[Round "?.3"]
[White "Windhorst, Werner"]
[Black "Schubert, Frank"]
[Result "1/2-1/2"]
[WhiteElo "2511"]
[BlackElo "2481"]
[PlyCount "119"]
[EventDate "2015.??.??"]
[EventType "tourn (corr)"]
[EventRounds "8"]
[EventCountry "GER"]
[SourceTitle "Corr 2017"]
[Source "ChessBase"]
[SourceDate "2017.09.19"]
[SourceVersion "1"]
[SourceVersionDate "2017.09.19"]
[SourceQuality "1"]
[WhiteTeam "SG Freibauer Luebbecke"]
[BlackTeam "Hamburg SG BUE"]

1. d4 e6 2. c4 Nf6 3. Nf3 b6 4. g3 Ba6 5. b3 d5 6. Bg2 Bb4+ 7. Bd2 Be7 8. cxd5 exd5 9. 0-0 Bb7 10. Nc3 0-0 11. Qc2 Re8 12. Bf4 Nh5 13. Bc1 Nf6 14. Bb2 Nbd7 15. e3 Rc8 16. Rac1 c6 17. Rfe1 Bf8 18. Bh3 Ra8 19. Nd2 Rc8 20. Qb1 g6 21. a3 Rb8 22. Bg2 Bg7 23. b4 Nf8 24. Nf3 Ne6 25. Qc2 Rc8 26. Qb3 Qe7 27. a4 Bf8 28. Ba3 Ba8 29. Ne5 Red8 30. h4 a5 31. Rb1 axb4 32. Bxb4 c5 33. Ba3 Qe8 34. Bb2 Bh6 35. Qa3 Bg7 36. Ba1 Rb8 37. Nb5 h5 38. dxc5 bxc5 39. Nd3 Rbc8 40. Be5 Qe7 41. a5 Bf8 42. Ba1 d4 43. Bxa8 Rxa8 44. Ne5 Rd5 45. exd4 cxd4 46. Qxe7 Bxe7 47. Nc4 Bd8 48. Nb6 Bxb6 49. axb6 Nd7 50. Rb4 d3 51. Nc3 Rd4 52. Rb5 Rc4 53. b7 Rb8 54. Reb1 d2 55. Rd5 Rd4 56. Rxd4 Nxd4 57. Nd1 Ne6 58. Bc3 Nec5 59. Bxd2 Rxb7 60. Rxb7 1/2-1/2